Countries of the World Ranking Game #1 - Statistics

General Stats
  • This quiz has been taken 125 times
    117 since last reset
  • The average score is 24 of 30
Answer Stats
Characteristic Countries Rank Answer Number % Correct
Land Area Bhutan 1 Mexico 1.9 Mio km²
98%
Land Area Chad 2 Indonesia 1.8 Mio km²
97%
Land Area Chile 3 Chad 1.3 Mio km²
93%
Land Area Eswatini 4 Chile 744k km²
92%
Highest Mountain Bhutan 1 Bhutan 7570m
90%
Land Area Portugal 10 Panama 74k km²
90%
Land Area Indonesia 5 Madagascar 582k km²
89%
Land Area Panama 9 Portugal 91k km²
89%
Land Area New Zealand 8 Romania 231k km²
89%
Land Area Romania 11 Switzerland 40k km²
89%
Land Area Madagascar 6 Uzbekistan 425k km²
89%
Land Area Solomon Islands 12 Bhutan 38k km²
88%
Land Area Mexico 7 New Zealand 262k km²
88%
Land Area Uzbekistan 15 St. Kitts and Nevis 261 km²
88%
Highest Mountain Chad 2 Chile 6893m
87%
Land Area St. Kitts and Nevis 13 Solomon Islands 28k km²
87%
Land Area Switzerland 14 Eswatini 17k km²
86%
Highest Mountain Chile 3 Mexico 5636m
83%
Highest Mountain Eswatini 4 Indonesia 4884m
82%
Highest Mountain Madagascar 6 Switzerland 4634m
77%
Highest Mountain Indonesia 5 Uzbekistan 4643m
72%
Highest Mountain Mexico 7 New Zealand 3724m
69%
Highest Mountain New Zealand 8 Panama 3475m
69%
Highest Mountain Romania 11 Romania 2544m
68%
Highest Mountain Panama 9 Chad 3445m
66%
Highest Mountain Portugal 10 Madagascar 2876m
64%
Highest Mountain St. Kitts and Nevis 13 Solomon Islands 2335m
63%
Highest Mountain Solomon Islands 12 Portugal 2351m
62%
Highest Mountain Uzbekistan 15 St. Kitts and Nevis 1156m
62%
Highest Mountain Switzerland 14 Eswatini 1862m
59%
No matching quizzes found
Score Distribution
Percent of People with Each Score
Percentile by Number Answered
Your Score History
You have not taken this quiz since the last reset